[Event "FIDE World Chess Cup 2015"]
[Site "Baku AZE"]
[Date "2015.09.11"]
[Round "1.41"]
[White "Robson, Ray"]
[Black "Vovk, Yuri"]
[Result "0-1"]
[WhiteElo "2680"]
[BlackElo "2624"]
[PlyCount "74"]
[EventDate "2015.09.11"]
[EventType "k.o."]
[EventRounds "7"]
[EventCountry "AZE"]
[Source "lmi"]
[SourceDate "2015.09.11"]
[WhiteTeam "Estados Unidos"]
[BlackTeam "Ucrania"]
[WhiteTeamCountry "USA"]
[BlackTeamCountry "UKR"]

1. e4 e6 2. d4 d5 3. Nc3 Nf6 4. e5 Nfd7 5. f4 c5 6. Nf3 Nc6 7. Be3 cxd4 8. Nxd4
Bc5 9. Qd2 O-O 10. O-O-O a6 11. Nb3 Bb4 12. Bd3 b5 13. Nd4 Bb7 14. Nxc6 Bxc6
15. Bd4 Nc5 16. Qf2 Nxd3+ 17. Rxd3 Be7 18. Nd1 b4 19. Rh3 Rc8 20. Ne3 f5 21. g4
fxg4 22. Nxg4 Be8 23. Nf6+ Bxf6 24. exf6 Bg6 25. fxg7 Rf7 26. Be5 Qg5 27. Re3
Bxc2 28. Kd2 Bg6 29. Rc1 Rxc1 30. Kxc1 Qf5 31. Qe2 d4 32. Rb3 Qb1+ 33. Kd2 Qc2+
34. Ke1 d3 35. Qd1 Rd7 36. Rxb4 d2+ 37. Ke2 Qxd1+ 0-1

[Event "FIDE World Chess Cup 2015"]
[Site "Baku AZE"]
[Date "2015.09.12"]
[Round "2.41"]
[White "Vovk, Yuri"]
[Black "Robson, Ray"]
[Result "1/2-1/2"]
[WhiteElo "2624"]
[BlackElo "2680"]
[PlyCount "145"]
[EventDate "2015.09.11"]
[EventType "k.o."]
[EventRounds "7"]
[EventCountry "AZE"]
[Source "lmi"]
[SourceDate "2015.09.11"]
[WhiteTeam "Ucrania"]
[BlackTeam "Estados Unidos"]
[WhiteTeamCountry "UKR"]
[BlackTeamCountry "USA"]

1. d4 Nf6 2. c4 c5 3. d5 b5 4. cxb5 a6 5. bxa6 g6 6. Nc3 Bg7 7. Nf3 O-O 8. a7
Rxa7 9. e4 e6 10. Be2 exd5 11. exd5 d6 12. O-O Na6 13. Bc4 Bf5 14. Bd2 Nc7 15.
Re1 Nd7 16. a4 Nb6 17. b3 Qa8 18. Rc1 Nbxd5 19. Nxd5 Nxd5 20. Bxd5 Qxd5 21. Bf4
Qb7 22. Qxd6 Qxb3 23. Qxc5 Qxa4 24. Be5 Ra5 25. Qc3 Rc8 26. Qd2 Rxc1 27. Qd8+
Bf8 28. Rxc1 Ra6 29. h3 Qd7 30. Qb8 Qa7 31. Qd8 Qd7 32. Qb8 Qd5 33. Ba1 Bxh3
34. Re1 Bd7 35. Ne5 Be6 36. Qb2 Qb3 37. Qxb3 Bxb3 38. Nd7 Be7 39. Bd4 Rd6 40.
Bc5 Rxd7 41. Bxe7 Kg7 42. Bb4 g5 43. f3 h5 44. Kf2 Be6 45. Re5 Kg6 46. Bc3 h4
47. Bb4 Rc7 48. Rc5 Rb7 49. Bc3 Ra7 50. Ba5 Rb7 51. Bd8 Rb2+ 52. Kg1 f6 53. Rc6
Rd2 54. Rxe6 Rxd8 55. Ra6 Rd3 56. Kf2 Rd1 57. Rb6 Kf7 58. Rb8 Ke6 59. Ra8 Ke5
60. Ke3 f5 61. Re8+ Kf6 62. Rf8+ Kg6 63. Rg8+ Kh6 64. f4 g4 65. Rh8+ Kg6 66.
Rxh4 Ra1 67. Kf2 Ra2+ 68. Kg3 Ra3+ 69. Kf2 Ra8 70. Rh1 Ra2+ 71. Kg3 Ra3+ 72.
Kf2 Rb3 73. Rh8 1/2-1/2

[Event "FIDE World Chess Cup 2015"]
[Site "Baku AZE"]
[Date "2015.09.11"]
[Round "1.61"]
[White "Motylev, Alexander"]
[Black "Grachev, Boris"]
[Result "1/2-1/2"]
[WhiteElo "2649"]
[BlackElo "2649"]
[PlyCount "43"]
[EventDate "2015.09.11"]
[EventType "k.o."]
[EventRounds "7"]
[EventCountry "AZE"]
[Source "lmi"]
[SourceDate "2015.09.11"]
[WhiteTeam "Rusia"]
[BlackTeam "Rusia"]
[WhiteTeamCountry "RUS"]
[BlackTeamCountry "RUS"]

1. e4 c5 2. Nf3 e6 3. d4 cxd4 4. Nxd4 Nf6 5. Nc3 Nc6 6. Ndb5 d6 7. Bf4 e5 8.
Bg5 a6 9. Na3 b5 10. Nd5 Be7 11. Bxf6 Bxf6 12. c4 b4 13. Nc2 O-O 14. Be2 a5 15.
O-O Bg5 16. Qd3 Be6 17. Rad1 Ra7 18. Bf3 g6 19. Qe2 Qb8 20. b3 a4 21. Qd3 Ra5
22. Nde3 1/2-1/2

[Event "FIDE World Chess Cup 2015"]
[Site "Baku AZE"]
[Date "2015.09.12"]
[Round "2.61"]
[White "Grachev, Boris"]
[Black "Motylev, Alexander"]
[Result "1/2-1/2"]
[WhiteElo "2649"]
[BlackElo "2649"]
[PlyCount "23"]
[EventDate "2015.09.11"]
[EventType "k.o."]
[EventRounds "7"]
[EventCountry "AZE"]
[Source "lmi"]
[SourceDate "2015.09.11"]
[WhiteTeam "Rusia"]
[BlackTeam "Rusia"]
[WhiteTeamCountry "RUS"]
[BlackTeamCountry "RUS"]

1. d4 Nf6 2. Nf3 d5 3. c4 e6 4. e3 Be7 5. Nbd2 O-O 6. Be2 c5 7. dxc5 dxc4 8.
Nxc4 Qxd1+ 9. Bxd1 Bxc5 10. Nfe5 Nbd7 11. Bf3 Rb8 12. O-O 1/2-1/2

[Event "FIDE World Chess Cup 2015"]
[Site "Baku AZE"]
[Date "2015.09.13"]
[Round "3.61"]
[White "Grachev, Boris"]
[Black "Motylev, Alexander"]
[Result "1/2-1/2"]
[WhiteElo "2649"]
[BlackElo "2649"]
[PlyCount "139"]
[EventDate "2015.09.11"]
[EventType "k.o."]
[EventRounds "7"]
[EventCountry "AZE"]
[Source "lmi"]
[SourceDate "2015.09.11"]
[WhiteTeam "Rusia"]
[BlackTeam "Rusia"]
[WhiteTeamCountry "RUS"]
[BlackTeamCountry "RUS"]

1. d4 Nf6 2. Nf3 d5 3. c4 e6 4. Nc3 Bb4 5. e3 O-O 6. Bd2 Re8 7. Bd3 b6 8. O-O
dxc4 9. Bxc4 Bb7 10. Qe2 Nbd7 11. Rfd1 a6 12. Rac1 b5 13. Bb3 c5 14. Bc2 cxd4
15. exd4 Nf8 16. a4 Bxc3 17. bxc3 Ng6 18. Rb1 Qc7 19. axb5 axb5 20. Bxg6 hxg6
21. Qxb5 Be4 22. Ra1 Ng4 23. Ne5 Nxe5 24. Qxe5 Qc6 25. f3 Bd5 26. Rdb1 Rxa1 27.
Rxa1 Ra8 28. Rxa8+ Qxa8 29. h3 Qa1+ 30. Be1 Qb2 31. Qe3 Qc2 32. Kh2 f6 33. h4
Kf7 34. Bg3 Bc4 35. Be1 Bd5 36. Bf2 Kg8 37. Bg3 Kf7 38. Bd6 Bc4 39. Bg3 Bd5 40.
Be1 Bc4 41. Bd2 Bd5 42. Qf4 Kg8 43. Kg3 Kh7 44. Qe3 Bc4 45. Bc1 Bf1 46. Qd2 Qa4
47. Qe1 Bc4 48. Bf4 Qa2 49. Qd2 Qb1 50. Qc1 Qa2 51. Qd2 Qb1 52. Kh2 Bd5 53. Qc1
Qd3 54. Qe3 Qb1 55. Qd2 Bc4 56. Bd6 Kg8 57. Ba3 Qb8+ 58. Kg1 Qg3 59. Qf2 Qf4
60. Qe1 Qb8 61. Qe4 Kf7 62. Qc6 Bd5 63. Qd6 Qc8 64. Bc5 Kg8 65. Kh2 Kh7 66. Qe7
Qb8+ 67. Qd6 Qb2 68. Qf4 Qxc3 69. Bf8 Qc2 70. Qg3 1/2-1/2

[Event "FIDE World Chess Cup 2015"]
[Site "Baku AZE"]
[Date "2015.09.13"]
[Round "4.61"]
[White "Motylev, Alexander"]
[Black "Grachev, Boris"]
[Result "1/2-1/2"]
[WhiteElo "2649"]
[BlackElo "2649"]
[PlyCount "62"]
[EventDate "2015.09.11"]
[EventType "k.o."]
[EventRounds "7"]
[EventCountry "AZE"]
[Source "lmi"]
[SourceDate "2015.09.11"]
[WhiteTeam "Rusia"]
[BlackTeam "Rusia"]
[WhiteTeamCountry "RUS"]
[BlackTeamCountry "RUS"]

1. e4 c5 2. Nf3 e6 3. d4 cxd4 4. Nxd4 Nf6 5. Nc3 Nc6 6. Ndb5 d6 7. Bf4 e5 8.
Bg5 a6 9. Na3 b5 10. Bxf6 gxf6 11. Nd5 f5 12. g3 fxe4 13. Bg2 Bg7 14. Bxe4 Be6
15. Qh5 Rc8 16. Rd1 Ne7 17. Nxe7 Qxe7 18. O-O h6 19. c3 O-O 20. Nc2 f5 21. Bd5
Rc5 22. Ne3 Bxd5 23. Nxd5 Qe6 24. Qf3 f4 25. Qe4 Rc4 26. Rd4 Rxd4 27. cxd4 fxg3
28. hxg3 Qf7 29. f4 Kh8 30. Re1 Qa7 31. Kg2 Qxd4 1/2-1/2

[Event "FIDE World Chess Cup 2015"]
[Site "Baku AZE"]
[Date "2015.09.13"]
[Round "5.61"]
[White "Motylev, Alexander"]
[Black "Grachev, Boris"]
[Result "1/2-1/2"]
[WhiteElo "2649"]
[BlackElo "2649"]
[PlyCount "56"]
[EventDate "2015.09.11"]
[EventType "k.o."]
[EventRounds "7"]
[EventCountry "AZE"]
[Source "lmi"]
[SourceDate "2015.09.11"]
[WhiteTeam "Rusia"]
[BlackTeam "Rusia"]
[WhiteTeamCountry "RUS"]
[BlackTeamCountry "RUS"]

1. e4 c5 2. Nf3 e6 3. d4 cxd4 4. Nxd4 Nf6 5. Nc3 Nc6 6. Ndb5 d6 7. Bf4 e5 8.
Bg5 a6 9. Na3 b5 10. Nd5 Be7 11. Bxf6 Bxf6 12. Nb1 Rb8 13. Nd2 Be6 14. Nf3 O-O
15. c3 Bg5 16. Be2 Bh6 17. O-O Ne7 18. Nxe7+ Qxe7 19. Qc2 Rfc8 20. Rfd1 a5 21.
Bd3 Qc7 22. Qe2 b4 23. Ba6 Rd8 24. c4 Rf8 25. Nh4 g6 26. b3 Bg5 27. Nf3 Bd8 28.
Qd2 Rb6 1/2-1/2

[Event "FIDE World Chess Cup 2015"]
[Site "Baku AZE"]
[Date "2015.09.13"]
[Round "6.61"]
[White "Grachev, Boris"]
[Black "Motylev, Alexander"]
[Result "1/2-1/2"]
[WhiteElo "2649"]
[BlackElo "2649"]
[PlyCount "25"]
[EventDate "2015.09.11"]
[EventType "k.o."]
[EventRounds "7"]
[EventCountry "AZE"]
[Source "lmi"]
[SourceDate "2015.09.11"]
[WhiteTeam "Rusia"]
[BlackTeam "Rusia"]
[WhiteTeamCountry "RUS"]
[BlackTeamCountry "RUS"]

1. c4 e5 2. g3 Nf6 3. Bg2 d5 4. cxd5 Nxd5 5. Nc3 Nb6 6. Nf3 Nc6 7. O-O Be7 8.
d3 O-O 9. a3 Be6 10. Be3 f6 11. Rc1 Kh8 12. Ne4 Nd5 13. Bd2 1/2-1/2

[Event "FIDE World Chess Cup 2015"]
[Site "Baku AZE"]
[Date "2015.09.13"]
[Round "7.61"]
[White "Grachev, Boris"]
[Black "Motylev, Alexander"]
[Result "1/2-1/2"]
[WhiteElo "2649"]
[BlackElo "2649"]
[PlyCount "108"]
[EventDate "2015.09.11"]
[EventType "k.o."]
[EventRounds "7"]
[EventCountry "AZE"]
[Source "lmi"]
[SourceDate "2015.09.11"]
[WhiteTeam "Rusia"]
[BlackTeam "Rusia"]
[WhiteTeamCountry "RUS"]
[BlackTeamCountry "RUS"]

1. d4 Nf6 2. Nf3 d5 3. c4 e6 4. g3 Bb4+ 5. Bd2 Be7 6. Bg2 O-O 7. Qc2 c6 8. O-O
Nbd7 9. Rd1 b6 10. Bf4 Ba6 11. Nbd2 Rc8 12. e4 Nxe4 13. Nxe4 dxe4 14. Ne5 g5
15. Be3 f5 16. Qa4 Nb8 17. Qb3 Bf6 18. f3 exf3 19. Bxf3 Qe7 20. Re1 c5 21. Bf2
cxd4 22. Bxd4 Bxc4 23. Qe3 Ba6 24. Rad1 Bb7 25. Bc3 Bxf3 26. Qxf3 Rfd8 27. Qe3
Rxd1 28. Rxd1 Rd8 29. Rxd8+ Qxd8 30. Nf3 Qd1+ 31. Kf2 Qc2+ 32. Kg1 Qe4 33. Qxe4
fxe4 34. Bxf6 exf3 35. Bxg5 Nc6 36. Kf2 Nb4 37. Kxf3 Nxa2 38. Bd2 a5 39. Ke4
Kf7 40. Ke5 h5 41. h3 Ke7 42. g4 hxg4 43. hxg4 Kf7 44. g5 a4 45. Kd6 b5 46. Kc5
b4 47. Bxb4 Nxb4 48. Kxb4 Kg6 49. Kxa4 Kxg5 50. b4 e5 51. b5 e4 52. b6 e3 53.
b7 e2 54. b8=Q e1=Q 1/2-1/2

[Event "FIDE World Chess Cup 2015"]
[Site "Baku AZE"]
[Date "2015.09.13"]
[Round "8.61"]
[White "Motylev, Alexander"]
[Black "Grachev, Boris"]
[Result "1-0"]
[WhiteElo "2649"]
[BlackElo "2649"]
[PlyCount "123"]
[EventDate "2015.09.11"]
[EventType "k.o."]
[EventRounds "7"]
[EventCountry "AZE"]
[Source "lmi"]
[SourceDate "2015.09.11"]
[WhiteTeam "Rusia"]
[BlackTeam "Rusia"]
[WhiteTeamCountry "RUS"]
[BlackTeamCountry "RUS"]

1. e4 c5 2. Nf3 e6 3. d4 cxd4 4. Nxd4 Nf6 5. Nc3 Nc6 6. Ndb5 d6 7. Bf4 e5 8.
Bg5 a6 9. Na3 b5 10. Bxf6 gxf6 11. Nd5 f5 12. g3 fxe4 13. Bg2 Bg7 14. Bxe4 Be6
15. Qh5 Rc8 16. c3 Ne7 17. Rd1 Nxd5 18. Bxd5 O-O 19. Nc2 Bxd5 20. Rxd5 Rc5 21.
Rd2 e4 22. Qe2 f5 23. O-O Qe7 24. f4 a5 25. Rfd1 Qe6 26. Ne3 b4 27. c4 Rd8 28.
Rd5 Rxd5 29. Rxd5 Rf8 30. Qd2 Qf6 31. b3 Qc3 32. Kf2 a4 33. bxa4 Ra8 34. Rxd6
Qxd2+ 35. Rxd2 Bc3 36. Rc2 Bd4 37. c5 Kf7 38. c6 Ke7 39. Rc4 Bxe3+ 40. Kxe3 Kd8
41. Rxb4 Kc7 42. Rc4 Rd8 43. Rc3 Rd5 44. h3 h5 45. g4 hxg4 46. hxg4 fxg4 47.
Kxe4 Rd1 48. Kf5 Rg1 49. Rc4 g3 50. Kg4 Rg2 51. Kh3 Rg1 52. a5 g2 53. Kh2 Ra1
54. Kxg2 Rxa2+ 55. Kg3 Rxa5 56. Kg4 Ra8 57. f5 Kd6 58. c7 Rc8 59. Kg5 Ke7 60.
Kg6 Rg8+ 61. Kh7 Rc8 62. Kg7 1-0

[Event "FIDE World Chess Cup 2015"]
[Site "Baku AZE"]
[Date "2015.09.12"]
[Round "2.13"]
[White "Henriquez Villagra, Cristobal"]
[Black "Gelfand, Boris"]
[Result "1/2-1/2"]
[WhiteElo "2511"]
[BlackElo "2741"]
[PlyCount "84"]
[EventDate "2015.09.11"]
[EventType "k.o."]
[EventRounds "7"]
[EventCountry "AZE"]
[Source "lmi"]
[SourceDate "2015.09.11"]
[WhiteTeam "Chile"]
[BlackTeam "Israel"]
[WhiteTeamCountry "CHI"]
[BlackTeamCountry "ISR"]

1. e4 c5 2. Nf3 Nc6 3. d4 cxd4 4. Nxd4 Nf6 5. Nc3 e5 6. Ndb5 d6 7. Bg5 a6 8.
Na3 b5 9. Nd5 Be7 10. Bxf6 Bxf6 11. c4 b4 12. Nc2 O-O 13. g3 Be6 14. Bg2 Bg5
15. O-O a5 16. Qd3 Bxd5 17. cxd5 Nb8 18. h4 Bh6 19. a3 Na6 20. axb4 Nxb4 21.
Nxb4 axb4 22. Qc4 b3 23. Rxa8 Qxa8 24. Qxb3 Bd2 25. Qb6 Qb8 26. Qxb8 Rxb8 27.
Rb1 Bc3 28. b3 Ra8 29. b4 Ra1 30. Rxa1 Bxa1 31. Bh3 Kf8 32. Kg2 Ke7 33. f4 Kf6
34. Kf3 Bc3 35. b5 Bd4 36. Bd7 h6 37. Bg4 Bb6 38. Bh5 g6 39. Bg4 Bd4 40. Bd7
Bb6 41. Bc8 Bd4 42. Bd7 Bb6 1/2-1/2

[Event "FIDE World Chess Cup 2015"]
[Site "Baku AZE"]
[Date "2015.09.11"]
[Round "1.60"]
[White "Safarli, Eltaj"]
[Black "Balogh, Csaba"]
[Result "1/2-1/2"]
[WhiteElo "2657"]
[BlackElo "2659"]
[PlyCount "102"]
[EventDate "2015.09.11"]
[EventType "k.o."]
[EventRounds "7"]
[EventCountry "AZE"]
[Source "lmi"]
[SourceDate "2015.09.11"]
[WhiteTeam "Azerbaiyán"]
[BlackTeam "Hungría"]
[WhiteTeamCountry "AZE"]
[BlackTeamCountry "HUN"]

1. c4 e5 2. g3 Nc6 3. Bg2 Bc5 4. Nc3 a6 5. e3 d6 6. Nge2 Ba7 7. d4 Nge7 8. O-O
exd4 9. Nxd4 Nxd4 10. exd4 O-O 11. Bg5 h6 12. Bxe7 Qxe7 13. b4 Rb8 14. Re1 Qf6
15. Re4 Be6 16. Rf4 Qd8 17. Qd3 Re8 18. a4 Qd7 19. b5 Bh3 20. Bxh3 Qxh3 21. Nd5
c6 22. Ne3 Qe6 23. a5 axb5 24. cxb5 Ra8 25. Rb1 d5 26. bxc6 Qxc6 27. Qf5 Re7
28. Nxd5 Rd7 29. Nb6 Bxb6 30. Rxb6 Qd5 31. Rb5 Qxf5 32. Rfxf5 Rad8 33. Kg2 g6
34. Rfc5 Kg7 35. d5 Re8 36. d6 Rxd6 37. Rxb7 Re2 38. Rc3 Rf6 39. Rf3 Ra2 40.
Rxf6 Kxf6 41. Rb6+ Ke5 42. a6 h5 43. Kf3 g5 44. Ke3 g4 45. Kd3 f5 46. Kc4 f4
47. Kb3 Ra1 48. Rb5+ Kf6 49. Rb6+ Ke5 50. Rb5+ Kf6 51. Rb6+ Ke5 1/2-1/2

[Event "FIDE World Chess Cup 2015"]
[Site "Baku AZE"]
[Date "2015.09.12"]
[Round "2.60"]
[White "Balogh, Csaba"]
[Black "Safarli, Eltaj"]
[Result "1/2-1/2"]
[WhiteElo "2659"]
[BlackElo "2657"]
[PlyCount "113"]
[EventDate "2015.09.11"]
[EventType "k.o."]
[EventRounds "7"]
[EventCountry "AZE"]
[Source "lmi"]
[SourceDate "2015.09.11"]
[WhiteTeam "Hungría"]
[BlackTeam "Azerbaiyán"]
[WhiteTeamCountry "HUN"]
[BlackTeamCountry "AZE"]

1. e4 c5 2. Nf3 Nc6 3. d4 cxd4 4. Nxd4 Nf6 5. Nc3 e5 6. Ndb5 d6 7. Bg5 a6 8.
Na3 b5 9. Nd5 Be7 10. Bxf6 Bxf6 11. c4 b4 12. Nc2 O-O 13. g3 a5 14. Bg2 Bg5 15.
O-O Be6 16. Qd3 Bxd5 17. cxd5 Nb8 18. h4 Bh6 19. a3 Na6 20. axb4 Nxb4 21. Nxb4
axb4 22. Ra6 Rxa6 23. Qxa6 Qb8 24. Bh3 b3 25. Qc4 Bd2 26. Rd1 Bb4 27. Rd3 Bc5
28. Rxb3 Qa7 29. Qe2 Rb8 30. Rxb8+ Qxb8 31. Qa6 g6 32. Qc8+ Qxc8 33. Bxc8 h6
34. Kf1 g5 35. h5 Kf8 36. Ke2 Ke7 37. Bb7 Kd8 38. Bc6 Bd4 39. b3 Bc5 40. f3 Bd4
41. Bb5 Bc5 42. Ke1 Bb4+ 43. Kd1 Bc5 44. Ke2 Bb4 45. Kf2 Bc5+ 46. Kg2 Ke7 47.
Kh3 Kf6 48. Kg4 Be3 49. Bd7 Bd2 50. Bc8 Be3 51. b4 Bd2 52. b5 Ba5 53. f4 gxf4
54. gxf4 exf4 55. Kxf4 Bd2+ 56. Kf3 Ba5 57. Kf4 1/2-1/2

[Event "FIDE World Chess Cup 2015"]
[Site "Baku AZE"]
[Date "2015.09.13"]
[Round "3.60"]
[White "Safarli, Eltaj"]
[Black "Balogh, Csaba"]
[Result "1/2-1/2"]
[WhiteElo "2657"]
[BlackElo "2659"]
[PlyCount "128"]
[EventDate "2015.09.11"]
[EventType "k.o."]
[EventRounds "7"]
[EventCountry "AZE"]
[Source "lmi"]
[SourceDate "2015.09.11"]
[WhiteTeam "Azerbaiyán"]
[BlackTeam "Hungría"]
[WhiteTeamCountry "AZE"]
[BlackTeamCountry "HUN"]

1. Nf3 d5 2. g3 c6 3. Bg2 Bf5 4. O-O e6 5. c4 Nf6 6. cxd5 exd5 7. d3 Na6 8. Nc3
Be7 9. Nd4 Bg6 10. e4 O-O 11. h3 Re8 12. Re1 dxe4 13. dxe4 Bc5 14. Nb3 Qxd1 15.
Rxd1 Nxe4 16. Nxe4 Bxe4 17. Bxe4 Rxe4 18. Nxc5 Nxc5 19. Be3 Ne6 20. Rd7 Rb4 21.
b3 Kf8 22. Rad1 Ke8 23. f4 g6 24. g4 Rd8 25. Rxd8+ Nxd8 26. f5 gxf5 27. gxf5
Rb5 28. Rf1 b6 29. Rf4 Re5 30. Bf2 c5 31. Rh4 Rxf5 32. Rxh7 Ne6 33. Rh8+ Kd7
34. h4 Nf4 35. Be3 Ng6 36. Rh7 b5 37. h5 Ne5 38. h6 Ng4 39. Bd2 Ke6 40. Rh8 Rh5
41. Ra8 f6 42. Rxa7 b4 43. Ra6+ Kd5 44. Bxb4 Rxh6 45. Ra5 Ne5 46. Rxc5+ Kd4 47.
Rc8 Ke4 48. Bd6 Rg6+ 49. Kf1 Nf3 50. Re8+ Kd3 51. Bf4 Nd4 52. Re3+ Kc2 53. b4
Rg4 54. Bc7 Nb5 55. Ba5 Nd6 56. Rf3 Nc4 57. Rxf6 Nxa5 58. bxa5 Ra4 59. a6 Kc3
60. Rf3+ Kb2 61. Rb3+ Kc2 62. Rb6 Rxa2 63. Ke2 Kc3+ 64. Ke3 Kc4 1/2-1/2

[Event "FIDE World Chess Cup 2015"]
[Site "Baku AZE"]
[Date "2015.09.13"]
[Round "4.60"]
[White "Balogh, Csaba"]
[Black "Safarli, Eltaj"]
[Result "1/2-1/2"]
[WhiteElo "2659"]
[BlackElo "2657"]
[PlyCount "104"]
[EventDate "2015.09.11"]
[EventType "k.o."]
[EventRounds "7"]
[EventCountry "AZE"]
[Source "lmi"]
[SourceDate "2015.09.11"]
[WhiteTeam "Hungría"]
[BlackTeam "Azerbaiyán"]
[WhiteTeamCountry "HUN"]
[BlackTeamCountry "AZE"]

1. e4 c5 2. Nf3 Nc6 3. d4 cxd4 4. Nxd4 e6 5. Nc3 Qc7 6. Be3 Nf6 7. Bd3 a6 8.
O-O Nxd4 9. Bxd4 Bc5 10. Be2 e5 11. Bxc5 Qxc5 12. Qd3 b5 13. Rad1 Bb7 14. a3
O-O 15. Bf3 Rac8 16. Rd2 b4 17. axb4 Qxb4 18. Rb1 Rc4 19. Qd6 Rfc8 20. Be2 Qxd6
21. Rxd6 Rb4 22. Na2 Ra4 23. Nc3 Rb4 24. Na2 Rd4 25. Rxd4 exd4 26. e5 Nd5 27.
c3 Nf4 28. Bf1 dxc3 29. Nxc3 Ng6 30. Rd1 Nxe5 31. f4 Ng6 32. Rxd7 Bc6 33. Rd6
a5 34. Ba6 Rc7 35. f5 Nf8 36. Nd5 Bxd5 37. Rxd5 Rc1+ 38. Bf1 a4 39. Ra5 Rb1 40.
Ra7 h5 41. h4 Nh7 42. Ra8+ Nf8 43. Rxa4 Rxb2 44. Bc4 Rb6 45. Be2 Rf6 46. Ra5 g6
47. fxg6 fxg6 48. Ra7 Rf4 49. g3 Rd4 50. Kf2 Rd7 51. Ra6 Kg7 52. Bb5 Rf7+
1/2-1/2

[Event "FIDE World Chess Cup 2015"]
[Site "Baku AZE"]
[Date "2015.09.13"]
[Round "6.60"]
[White "Safarli, Eltaj"]
[Black "Balogh, Csaba"]
[Result "1/2-1/2"]
[WhiteElo "2657"]
[BlackElo "2659"]
[PlyCount "65"]
[EventDate "2015.09.11"]
[EventType "k.o."]
[EventRounds "7"]
[EventCountry "AZE"]
[Source "lmi"]
[SourceDate "2015.09.11"]
[WhiteTeam "Azerbaiyán"]
[BlackTeam "Hungría"]
[WhiteTeamCountry "AZE"]
[BlackTeamCountry "HUN"]

1. e4 e5 2. Nf3 Nc6 3. Bb5 Nf6 4. O-O Nxe4 5. d4 Nd6 6. Ba4 e4 7. Ne5 b5 8. Bb3
Na5 9. Bxf7+ Nxf7 10. Nxf7 Kxf7 11. Qh5+ g6 12. Qd5+ Kg7 13. Qxa8 Nc6 14. d5
Nd4 15. Nc3 Bd6 16. g3 Re8 17. Qxa7 Qf6 18. f4 e3 19. Bxe3 Rxe3 20. Rad1 Nf5
21. Nxb5 Qxb2 22. Nxd6 cxd6 23. Rde1 Qc3 24. Rd1 Rxg3+ 25. Kh1 Rh3 26. Rf2
Rxh2+ 27. Kxh2 Qg3+ 28. Kh1 Qh3+ 29. Kg1 Qg4+ 30. Kh2 Qg3+ 31. Kh1 Qh3+ 32. Kg1
Qg4+ 33. Kh2 1/2-1/2

[Event "FIDE World Chess Cup 2015"]
[Site "Baku AZE"]
[Date "2015.09.12"]
[Round "2.21"]
[White "Ortiz Suarez, Isan Reynaldo"]
[Black "Vachier-Lagrave, Maxime"]
[Result "1/2-1/2"]
[WhiteElo "2577"]
[BlackElo "2744"]
[PlyCount "64"]
[EventDate "2015.09.11"]
[EventType "k.o."]
[EventRounds "7"]
[EventCountry "AZE"]
[Source "lmi"]
[SourceDate "2015.09.11"]
[WhiteTeam "Cuba"]
[BlackTeam "Francia"]
[WhiteTeamCountry "CUB"]
[BlackTeamCountry "FRA"]

1. e4 c5 2. Nf3 d6 3. d4 cxd4 4. Nxd4 Nf6 5. Nc3 a6 6. Bg5 e6 7. f4 h6 8. Bh4
Qb6 9. Qd2 Qxb2 10. Rb1 Qa3 11. f5 Be7 12. fxe6 fxe6 13. Bc4 Nxe4 14. Nxe4
Bxh4+ 15. g3 Bg5 16. Nxg5 hxg5 17. O-O Qc5 18. Qf2 Nc6 19. Nxe6 Qxf2+ 20. Rxf2
Bxe6 21. Bxe6 Rb8 22. Bd5 Ne5 23. Bxb7 Ke7 24. Rb3 a5 25. a4 Kd7 26. Rf1 Kc7
27. Rfb1 Nd7 28. Rb5 Nc5 29. Bd5 Rhe8 30. Kf2 Rxb5 31. Rxb5 Re5 32. c4 g4
1/2-1/2

[Event "FIDE World Chess Cup 2015"]
[Site "Baku AZE"]
[Date "2015.09.13"]
[Round "9.59"]
[White "Bartel, Mateusz"]
[Black "Sargissian, Gabriel"]
[Result "1/2-1/2"]
[WhiteElo "2623"]
[BlackElo "2679"]
[PlyCount "136"]
[EventDate "2015.09.11"]
[EventType "k.o."]
[EventRounds "7"]
[EventCountry "AZE"]
[Source "lmi"]
[SourceDate "2015.09.11"]
[WhiteTeam "Polonia"]
[BlackTeam "Armenia"]
[WhiteTeamCountry "POL"]
[BlackTeamCountry "ARM"]

1. e4 e5 2. Nf3 Nc6 3. Bb5 a6 4. Ba4 Nf6 5. O-O Be7 6. d3 b5 7. Bb3 d6 8. h3
Na5 9. Nc3 O-O 10. Be3 Bb7 11. Re1 Nxb3 12. axb3 Nd7 13. d4 Bf6 14. Qd2 exd4
15. Bxd4 Re8 16. Nd5 Ne5 17. Nxf6+ Qxf6 18. Bxe5 dxe5 19. b4 Qc6 20. Ra3 Rad8
21. Rd3 Rxd3 22. Qxd3 Qd6 23. Qc3 f6 24. Nd2 Qc6 25. Qxc6 Bxc6 26. Nb3 Rd8 27.
f3 Bb7 28. Kf2 Rd6 29. Ke3 Kf7 30. Nc5 Bc8 31. h4 h5 32. g3 Ke7 33. f4 Rc6 34.
f5 a5 35. c3 axb4 36. cxb4 Rd6 37. Nb3 Rc6 38. Nc5 Rd6 39. Rc1 Rd4 40. Nb3 Rxb4
41. Rxc7+ Kd6 42. Rc3 Bb7 43. Nc5 Bc6 44. b3 Rd4 45. Ne6 Rxe4+ 46. Kf2 Bd5 47.
Nxg7 Bf7 48. Rc8 Rg4 49. Ne8+ Bxe8 50. Rxe8 e4 51. Re6+ Kd5 52. Rxf6 Ke5 53.
Rb6 e3+ 54. Kf3 e2 55. Rxb5+ Kf6 56. Kxe2 Rxg3 57. b4 Rh3 58. Rc5 Rxh4 59. b5
Rb4 60. Kd2 h4 61. Kc3 Rb1 62. Kd4 h3 63. Rc6+ Kxf5 64. Kc5 Rc1+ 65. Kb6 Rxc6+
66. bxc6 h2 67. c7 h1=Q 68. c8=Q+ Ke4 1/2-1/2

[Event "FIDE World Chess Cup 2015"]
[Site "Baku AZE"]
[Date "2015.09.11"]
[Round "1.63"]
[White "Shankland, Samuel L"]
[Black "Popov, Ivan"]
[Result "1-0"]
[WhiteElo "2656"]
[BlackElo "2661"]
[PlyCount "79"]
[EventDate "2015.09.11"]
[EventType "k.o."]
[EventRounds "7"]
[EventCountry "AZE"]
[Source "lmi"]
[SourceDate "2015.09.11"]
[WhiteTeam "Estados Unidos"]
[BlackTeam "Rusia"]
[WhiteTeamCountry "USA"]
[BlackTeamCountry "RUS"]

1. e4 c5 2. Nf3 d6 3. d4 cxd4 4. Nxd4 Nf6 5. Nc3 Nc6 6. Bg5 e6 7. Qd2 Be7 8.
O-O-O O-O 9. f4 h6 10. Bh4 Nxd4 11. Qxd4 Qa5 12. Bc4 e5 13. fxe5 dxe5 14. Qd3
Bg4 15. Bxf6 Bxf6 16. Rdf1 Qc5 17. Kb1 Bh4 18. a3 a6 19. Ba2 Rad8 20. Nd5 Rd7
21. h3 Be6 22. Rf3 Kh8 23. Rd1 Rfd8 24. Qe2 b5 25. Rfd3 Bxd5 26. Bxd5 Qf2 27.
Qxf2 Bxf2 28. b4 Bb6 29. c3 a5 30. Bc4 Rxd3 31. Bxd3 axb4 32. axb4 g6 33. Kc2
Kg7 34. Bxb5 Rxd1 35. Kxd1 f5 36. c4 Bd4 37. Kc2 fxe4 38. c5 Kf6 39. Kb3 Kf5
40. Kc4 1-0

[Event "FIDE World Chess Cup 2015"]
[Site "Baku AZE"]
[Date "2015.09.12"]
[Round "2.63"]
[White "Popov, Ivan"]
[Black "Shankland, Samuel L"]
[Result "1/2-1/2"]
[WhiteElo "2661"]
[BlackElo "2656"]
[PlyCount "72"]
[EventDate "2015.09.11"]
[EventType "k.o."]
[EventRounds "7"]
[EventCountry "AZE"]
[Source "lmi"]
[SourceDate "2015.09.11"]
[WhiteTeam "Rusia"]
[BlackTeam "Estados Unidos"]
[WhiteTeamCountry "RUS"]
[BlackTeamCountry "USA"]

1. e4 e6 2. d3 c5 3. Nd2 Nc6 4. g3 g6 5. Bg2 Bg7 6. f4 d6 7. Ngf3 Nge7 8. h4 h5
9. O-O b6 10. c3 Bb7 11. Ng5 Qd7 12. Bh3 Nd8 13. Qe2 f6 14. Ngf3 Nf7 15. d4 O-O
16. Re1 Rfe8 17. b3 f5 18. Bb2 Rac8 19. Qd3 cxd4 20. Nxd4 fxe4 21. Nxe4 Nf5 22.
Bg2 Nxd4 23. cxd4 Bd5 24. Re2 Nh6 25. Rae1 Nf5 26. Ng5 Bf6 27. Bxd5 exd5 28.
Qf3 Bxg5 29. Qxd5+ Kh7 30. hxg5 Rxe2 31. Rxe2 Nxg3 32. Re6 Re8 33. Rxe8 Qxe8
34. Qxd6 Qe1+ 35. Kg2 Qe2+ 36. Kxg3 Qe3+ 1/2-1/2